| 000 | 00593nam a22001937a 4500 | ||
|---|---|---|---|
| 005 | 20250724150941.0 | ||
| 010 | _aENG-146129 | ||
| 020 |
_a9789349015227 _c1250.00 |
||
| 035 | _aEN-129661 | ||
| 037 | _bDBAD | ||
| 082 |
_a000 _211 |
||
| 245 | _aUniversal's Guide to All India Bar Examination/ | ||
| 250 | _a11 | ||
| 260 |
_aGurgaon _bLexisNexis _c2025 |
||
| 270 |
_a14th Floor, Building No.10, Tower-B, DLF Cyber city, Phase-II _bGurgaon _e122002 |
||
| 300 |
_a1048p. _c24cm(pbk) |
||
| 500 | _aConducted By the Bar Council of India | ||
| 942 |
_2ddc _cEN _h000 _mUNI _e11 |
||
| 999 |
_c212586 _d212586 |
||